Mammalogy / (Record no. 1887)
[ view plain ]
| 000 -LEADER | |
|---|---|
| fixed length control field | 00672cam a22001934a 4500 |
| 020 ## - ISBN | |
| International Standard Book Number | 003025034X |
| 050 00 - LIBRARY OF CONGRESS CALL NUMBER | |
| Classification Number | QL703 |
| Item Number | .V386 1978 |
| 100 1# - MAIN ENTRY--Author | |
| Personal name | Vaughan, Terry A. |
| 245 10 - TITLE | |
| Title | Mammalogy / |
| Statement of responsibility, etc | Terry A. Vaughan, James M. Ryan, Nicholas J. Czaplewski. |
| 250 ## - EDITIONSTATEMENT | |
| Edition statement | 4th ed. |
| 260 ## - PUBLICATION, DISTRIBUTION, ETC.(IMPRINT) | |
| Place of publication, distribution, etc | Fort Worth : |
| Name of publisher, distributor, etc | Saunders College Pub., |
| Date of publication, distribution, etc | c2000. |
| 300 ## - PHYSICAL DESCRIPTION | |
| Extent | ix, 565 p. |
| 700 1# - ADDED ENTRY--PERSONAL AUTHOR | |
| Personal Name | Ryan, James M. |
| 700 1# - ADDED ENTRY--PERSONAL AUTHOR | |
| Personal Name | Czaplewski, Nicholas J. |
| 856 41 - URL/ELECTRONIC LOCATION AND ACCESS | |
| Uniform Resource Identifier | <a href="http://www.loc.gov/catdir/enhancements/fy1303/99061624-t.html">http://www.loc.gov/catdir/enhancements/fy1303/99061624-t.html</a> |
| 856 42 - URL/ELECTRONIC LOCATION AND ACCESS | |
| Uniform Resource Identifier | <a href="http://www.loc.gov/catdir/enhancements/fy1303/99061624-b.html">http://www.loc.gov/catdir/enhancements/fy1303/99061624-b.html</a> |
| 856 42 - URL/ELECTRONIC LOCATION AND ACCESS | |
| Uniform Resource Identifier | <a href="http://www.loc.gov/catdir/enhancements/fy1303/99061624-d.html">http://www.loc.gov/catdir/enhancements/fy1303/99061624-d.html</a> |
| 942 ## - ADDED ENTRY ELEMENTS(KOHA) | |
| Koha item type | General circulation |
| Source of classification or shelving scheme | Not for loan | Location (home branch) | Sublocation (holding branch) | Date accessioned | Cost, normal purchase price | Full call number | Barcode | Cost, replacement price | Koha item type | Public note |
|---|---|---|---|---|---|---|---|---|---|---|
| Library of Congress Classification | Main Campus Library | Main Campus Library | 26/08/2014 | 20619.00 | QL703 .V386 1978 | 2019/023323 | 21119.00 | General circulation | kim |